Hiểu biết cần thiết: Giúp cuộc sống tốt hơn Giữ vệ sinh ngôi nhà của bạn. Bảo quản và sửa chữa vật dụng gia đình. An toàn trong gia đình. Cây và hoa trong nhà...

Đã lưu trong:
書目詳細資料
主要作者: Lê Quân
格式: 圖書
語言:Vietnamese
出版: Đà Nẵng Nxb. Đà Nẵng 2002
主題:
標簽: 添加標簽
沒有標簽, 成為第一個標記此記錄!
Thư viện lưu trữ: Mạng thư viện Đại học Đà Nẵng
LEADER 01423nam a2200373 4500
001 000006689
003 2848
005 20110919090905.0
008 110916s2002 viesd
020 |c 28000đ 
041 0 |a vie 
082 |a 643  |b LÊ-Q 
100 0 |a Lê Quân 
245 0 |a Hiểu biết cần thiết: Giúp cuộc sống tốt hơn  |b Giữ vệ sinh ngôi nhà của bạn. Bảo quản và sửa chữa vật dụng gia đình. An toàn trong gia đình. Cây và hoa trong nhà...  |c Lê Quân 
260 |a Đà Nẵng  |b Nxb. Đà Nẵng  |c 2002 
300 |a 287 tr  |b bảng  |c 19 cm 
653 |a Hiểu biết cần thiết 
653 |a Giúp cuộc sống tốt hơn 
653 |a Giữ vệ sinh ngôi nhà của bạn 
653 |a Bảo quản và sửa chữa vật dụng gia đình 
653 |a An toàn trong gia đình 
653 |a Cây và hoa trong nhà 
700 |a Lê Quân 
910 |a Nguyễn Thị Kim Oanh  |d 16/09/2011 
OWN |a LSP 
AVA |a UDN50  |b LSP  |d 643 LÊ-Q  |e available  |t Error 5001 Not defined in file expand_doc_bib_avail.  |f 4  |g 1  |h N  |i 0  |k 1 
999 |a From the UDN01 
AVA |a UDN50  |b LSP  |d 643 LÊ-Q  |e available  |t Error 5001 Not defined in file expand_doc_bib_avail.  |f 4  |g 1  |h N  |i 0  |k 1 
TYP |a Monograph 
TYP |a Printed language 
980 |a Mạng thư viện Đại học Đà Nẵng